Central Library OPAC University of Rajshahi

কয়রা উপজেলার ইতিহাস ও ঐতিহ্য / (Record no. 39750)

MARC details
000 -LEADER
fixed length control field 00944nam a2200241 a 4500
001 - CONTROL NUMBER
control field 39750
003 - CONTROL NUMBER IDENTIFIER
rucl marc code BD-RjUL
005 - DATE AND TIME OF LATEST TRANSACTION
control field 20211209053042.0
008 - FIXED-LENGTH DATA ELEMENTS--GENERAL INFORMATION
fixed length control field 160417s2015 bg ||||| |||| 00| 0 ben d
020 ## - INTERNATIONAL STANDARD BOOK NUMBER
Terms of availability : Tk.300.00
035 ## - SYSTEM CONTROL NUMBER
System control number (BD-RjUL)
040 ## - CATALOGING SOURCE
Original cataloging agency BD-RjUL
Language of cataloging ben
Transcribing agency BD-RjUL
041 ## - LANGUAGE CODE
Language code of text/sound track or separate title ben
082 ## - DEWEY DECIMAL CLASSIFICATION NUMBER
Edition number 23
Classification number 954.925
Author mark and year MAK 2015
100 ## - MAIN ENTRY--PERSONAL NAME
Personal name মালেক, আ.ব.ম.আব্দুল
9 (RLIN) 122438
245 ## - TITLE STATEMENT
Title কয়রা উপজেলার ইতিহাস ও ঐতিহ্য /
Statement of responsibility, etc. আ.ব.ম.আব্দুল মালেক
260 ## - PUBLICATION, DISTRIBUTION, ETC. (IMPRINT)
Place of publication, distribution, etc. ঢাকা :
Name of publisher, distributor, etc. অ্যাডভান্সড পাবলিকেশন্স,
Date of publication, distribution, etc. ২০১৫
300 ## - PHYSICAL DESCRIPTION
Pagination ৪১৩ পৃ. :
Illustrations চিত্র ;
Size ২১ সে.মি.
500 ## - GENERAL NOTE
General note তথ্যসূত্র
650 ## - SUBJECT ADDED ENTRY--TOPICAL TERM
Topical term or geographic name as entry element ইতিহাস
Geographic subdivision খুলনা (বাংলাদেশ)
9 (RLIN) 119448
Topical term or geographic name as entry element History
Geographic subdivision Khulna (Bangladesh)
9 (RLIN) 119449
942 ## - ADDED ENTRY ELEMENTS (KOHA)
Source of classification or shelving scheme Dewey Decimal Classification
Koha item type Books
Holdings
Lost status Source of classification or shelving scheme Damaged status Not for loan Collection code Permanent Location Current Location Shelving location Date acquired Source of acquisition Cost, normal purchase price Total Checkouts Full call number Date last seen Copy number Koha item type
  Dewey Decimal Classification   Not For Loan Non-fiction Central Library, University of Rajshahi Central Library, University of Rajshahi Reading Room 10/02/2016 Rajshahi University Central Library. 300.00   B 954.925 MAK 2015 17/04/2016 C-1 Books